| 000 | 00754nam a2200241Ia 4500 | ||
|---|---|---|---|
| 003 | GCL | ||
| 008 | 140319s9999 xx 000 0 ara d | ||
| 040 |
_aGCL / _cGCL |
||
| 082 | 0 | 4 |
_a813.009 _bى ن |
| 100 | 1 | _aيارد، ايفلين فريد جورج | |
| 245 | 1 | 0 |
_aنجيب محفوظ والقصة القصيرة / _cيارد، ايفلين فريد جورج |
| 700 | 1 | _aهنرى عويط | |
| 260 |
_aالاردن : _bدار الشروق ، _c1987 |
||
| 300 |
_a295 ص ؛ _c24 سم |
||
| 490 | _a | ||
| 650 | 0 | 4 | _aالادب العربى |
| 650 | 0 | 4 | _aالعصر الحديث |
| 650 | 0 | 4 | _aالقصة القصيرة |
| 650 | 0 | 4 | _aنجيب محفوظ |
| 650 | 0 | 4 | _aتاريخ ونقد |
| 650 | 0 | 4 | _aالمجموعات |
| 942 |
_2ddc _cBK |
||
| 999 |
_c31856 _d31856 |
||